| 000 | 00732nam a2200253Ia 4500 | ||
|---|---|---|---|
| 003 | OSt | ||
| 005 | 20220923230942.0 | ||
| 006 | a|||||r|||| 00| 0 | ||
| 007 | ta | ||
| 008 | 220922b |||||||| |||| 00| 0 pan d | ||
| 024 | _a322,202 | ||
| 037 | _cTextual | ||
| 040 |
_aARTS _cARTS _bpan |
||
| 041 |
_2pan _apan |
||
| 082 | _aO153,2N351,PA, N1 | ||
| 100 | _aਮੋਹਨ, ਨਰਿੰਦਰ, ਂਚ. | ||
| 245 | 0 | _aਪਗਲੇ | |
| 260 | _c1991 | ||
| 300 |
_a56ਪ੍ਰ0 _ccm. |
||
| 650 | _a ਪੰਜਾਬੀ ਨਾਟਕ | ||
| 650 |
_aਪੰਜਾਾਬੀ ਸਾਹਿਤ _9156350 |
||
| 942 |
_hO153,2N351,PA, N1 _cTEXL _2CC |
||
| 999 |
_c388431 _d388431 |
||